Statistics for Kings of Portugal by Portrait

Click here to take the quiz!

General Stats

  • This quiz has been taken 10 times
  • The average score is 30 of 34

Answer Stats

Answer% Correct
João I
100%
João II
100%
João III
100%
João IV
100%
João V
100%
João VI
100%
Maria I
100%
Maria II
100%
Afonso I
90%
Afonso II
90%
Afonso III
90%
Afonso IV
90%
Afonso V
90%
Afonso VI
90%
Carlos I
90%
Felipe I
90%
Felipe II
90%
Felipe III
90%
José I
90%
Miguel I
90%
Pedro I
90%
Pedro II
90%
Pedro IV
90%
Pedro V
90%
Fernando I
80%
Henrique I
80%
Manuel I
80%
Manuel II
80%
Sancho I
80%
Sancho II
80%
Dinis I
70%
Luís I
70%
Sebastião I
70%
Duarte I
50%

Score Distribution

Percentile by Number Answered

Percent of People with Each Score

Your Score History

You have not taken this quiz